书目信息 |
| 题名: |
饲料添加剂应用技术问答
|
|
| 作者: | 高振川 编著 | |
| 分册: | ||
| 出版信息: | 北京 农业出版社 1993 |
|
| 页数: | 145页 | |
| 开本: | 19cm | |
| 丛书名: | 农业科学技术推广丛书 | |
| 单 册: | ||
| 中图分类: | S816.7 | |
| 科图分类: | ||
| 主题词: | 饲料添加剂--应用 | |
| 电子资源: | ||
| ISBN: | 7-109-02651-5 | |
| 000 | 00744nam2 2200253 450 | |
| 001 | 0100411094 | |
| 005 | 20101126161817.0 | |
| 010 | @a7-109-02651-5@dCNY2.70 | |
| 011 | @a7-109-02651-5 | |
| 100 | @a20021005d1993 em y0chiy0110 ea | |
| 101 | 0 | @achi |
| 102 | @aCN@b110000 | |
| 105 | @ay z 000yy | |
| 106 | @ar | |
| 200 | 1 | @a饲料添加剂应用技术问答@9Si Liao Tian Jia Ji Ying Yong Ji Shu;Zhu Wen Da @f高振川等编著@b专著 |
| 210 | @a北京@c农业出版社@d1993 | |
| 215 | @a145页@d19cm | |
| 225 | 2 | @a农业科学技术推广丛书 |
| 410 | 0 | @12001 @a农业科学技术推广丛书 |
| 606 | 0 | @a饲料添加剂@x应用 |
| 690 | @aS816.7@v3 | |
| 701 | 0 | @a高振川@9gao zhen chuan@4编著 |
| 801 | 0 | @aCN@bAiZhiMarc@c19800101 |
| 905 | @aBZT@dS816.7@e102@f5@sS816.7/102 | |
| 饲料添加剂应用技术问答/高振川等编著.-北京:农业出版社,1993 |
| 145页;19cm.-(农业科学技术推广丛书) |
| ISBN 7-109-02651-5:CNY2.70 |
| ● |
| 相关链接 |
|
|
|
正题名:饲料添加剂应用技术问答
索取号:S816.7/102
 
预约/预借
| 序号 | 登录号 | 条形码 | 馆藏地/架位号 | 状态 | 备注 |
| 1 | 2000108815 | 2000108815 | 旧书回溯/ [索取号:S816.7/102] | 在馆 | |
| 2 | 2000108816 | 2000108816 | 旧书回溯/ [索取号:S816.7/102] | 在馆 | |
| 3 | 2000108817 | 2000108817 | 旧书回溯/ [索取号:S816.7/102] | 在馆 | |
| 4 | 2000108818 | 2000108818 | 旧书回溯/ [索取号:S816.7/102] | 在馆 | |
| 5 | 2000108819 | 2000108819 | 旧书回溯/ [索取号:S816.7/102] | 在馆 |